| 000 | 00659nam a22001935i 4500 | ||
|---|---|---|---|
| 001 | 156200 | ||
| 003 | ES-MaACL | ||
| 005 | 20250827022717.0 | ||
| 008 | 040803s1899 fr |||| | fre d | ||
| 040 |
_aCAM _bspa _cCAM |
||
| 100 | 1 |
_aJacquelin, René. _9128245 |
|
| 245 | 1 | 3 |
_aUne conception d'ensemble du droit administrative / _cpar René Jacquelin. |
| 260 |
_aParis : _bV. Giard & E. Briere, _c1899. |
||
| 300 |
_a32 p. ; _c26 cm. |
||
| 650 | 0 | 7 |
_aDerecho administrativo _2embne _911642 |
| 852 |
_aES-MaACL _jT-1332-F-2 _z-- Enc. hol. _q-- Falto de la cub. original _z-- Enc. en un vol. facticio |
||
| 942 | _2udc | ||
| 999 |
_c156200 _d156200 |
||